South Park Celebrities Quiz Stats

Quiz not verified by Sporcle

Challenge
Share
Tweet
Score 0/12 Timer 05:00
0 Plays Today
% Correct
Kanye West
89.1%
Barack Obama
83.7%
Larry King
75.2%
Paris Hilton
75.2%
Bill Cosby
73.6%
Osama Bin Laden
69.8%
Tom Brady
66.7%
Honey Boo Boo
66.7%
Justin Bieber
57.4%
Michael Jackson
45.7%
Bill Gates
33.3%
Jared Fogle
31.8%

You're not logged in!

Compare scores with friends on all Sporcle quizzes.
Sign Up with Email
OR
Log In

You Might Also Like...

Show Comments

Extras

Top Quizzes Today


Score Distribution

Your Account Isn't Verified!

In order to create a playlist on Sporcle, you need to verify the email address you used during registration. Go to your Sporcle Settings to finish the process.